|
|
|
|
| LEADER |
00000nnm a2200000 i 4500 |
| 001 |
dolg6411 |
| 005 |
20160705100034.0 |
| 008 |
160517suuuu hu o 000 hun d |
| 040 |
|
|
|a BGE Dolgozattár Repozitórium
|b hun
|
| 041 |
|
|
|a hu
|
| 100 |
1 |
|
|a Bényei Dániel
|
| 245 |
1 |
0 |
|a Termékpolitikai döntések az Asso Imballo Kft. esetében
|c Bényei Dániel
|h [elektronikus dokumentum]
|
| 516 |
|
|
|a Project_work
|
| 695 |
|
|
|a Termékpolitika
|
| 695 |
|
|
|a Marketing
|
| 700 |
1 |
|
|a Brávácz Dr. Ibolya
|e ths
|
| 856 |
4 |
0 |
|u http://dolgozattar.uni-bge.hu/6411/1/Term%C3%A9kpolitikai%20d%C3%B6nt%C3%A9sek%20az%20Asso%20Imballo%20Kft.%20eset%C3%A9ben.pdf
|z Dokumentum-elérés
|